Covid-19 y privación de libertad. Análisis jurisprudencial en un escenario de emergencia sanitaria.
محفوظ في:
| المؤلف الرئيسي: | |
|---|---|
| التنسيق: | كتاب |
| منشور في: |
Valparaíso, Chile:
Ediciones Universitarias de Valparaíso,
2020.
|
| سلاسل: | Colección Jurídica de la Facultad de Derecho de la PUCV. Serie Profesional.
|
| الموضوعات: | |
| الوسوم: |
إضافة وسم
لا توجد وسوم, كن أول من يضع وسما على هذه التسجيلة!
|
MARC
| LEADER | 00000nam a22000007a 4500 | ||
|---|---|---|---|
| 003 | CL-VaPUC | ||
| 005 | 20221110160657.0 | ||
| 008 | 221006t2020 ||||| |||| 00| 0 eng d | ||
| 999 | |c 439098 |d 439096 | ||
| 020 | |a 978-956-17-0903-4 | ||
| 040 | |c Pontificia Universidad Católica de Valparaíso | ||
| 082 | 0 | 4 | |2 22 |a 346.83015 BAR 2020 |
| 100 | 1 | |a Barrientos Pardo, Ignacio |e autor |9 877431 | |
| 245 | 1 | 0 | |a Covid-19 y privación de libertad. |b Análisis jurisprudencial en un escenario de emergencia sanitaria. |
| 260 | |a Valparaíso, Chile: |b Ediciones Universitarias de Valparaíso, |c 2020. | ||
| 300 | |a 103 páginas. | ||
| 490 | 0 | |a Colección Jurídica de la Facultad de Derecho de la PUCV. |a Serie Profesional. | |
| 500 | |a c.1. Donación Rector saliente Claudio Elortegui, Julio 2022. Sin memo. Ingresado Octubre 2022. | ||
| 583 | |c 20221006 |k Catalogador Asistente | ||
| 650 | 1 | |a COVID-19 (Enfermedad) |x Aspectos jurídicos |9 877567 | |
| 650 | 1 | |a Derecho procesal penal |z Chile |9 868814 | |
| 650 | 1 | |a Enfermedades transmisibles |9 271158 | |
| 650 | 1 | |a Prisión preventiva |z Chile |9 877568 | |
| 942 | |2 ddc |c BK | ||
| 952 | |0 0 |1 0 |2 ddc |4 0 |6 346_830150000000000_BAR_2020 |7 0 |8 A |9 587098 |a BIBDER |b BIBDER |c GEN |d 2022-10-06 |e Donación |i 5655036 |l 1 |o 346.83015 BAR 2020 |p 5655036 |r 2023-11-30 |s 2023-11-30 |t 1 |w 2022-10-06 |y BK |k DER | ||